[Event "36. Copenhagen Open (Politiken Cup)"]
[Site "Elsinore"]
[Date "2014.07.25"]
[Round "6"]
[White "Thorsbro, Peter"]
[Black "Meurman, Arne"]
[Result "1-0"]
[WhiteElo "2216"]
[BlackElo "2062"]
[PlyCount "70"]
[EventDate "2014.07.21"]
[EventType "swiss"]
[EventRounds "10"]
[EventCountry "DEN"]
[Source "ChessBase"]
[SourceDate "2014.08.29"]

1. d4 Nf6 2. c4 g6 3. Nc3 Bg7 4. e4 d6 5. Be2 O-O 6. Nf3 Nbd7 7. O-O e5 8. Be3
Re8 9. d5 Ng4 10. Bg5 f6 11. Bh4 a5 12. Nd2 Nh6 13. f3 Nc5 14. b3 Rf8 15. a3
Qe8 16. b4 axb4 17. axb4 Rxa1 18. Qxa1 Na6 19. Qa3 Rf7 20. c5 dxc5 21. bxc5 Bf8
22. Bf2 f5 23. Qa5 fxe4 24. Ndxe4 Nf5 25. Bb5 Qd8 26. d6 Nd4 27. Bxa6 bxa6 28.
Bxd4 exd4 29. Nd5 Bh6 30. Re1 Bb7 31. Nef6+ Rxf6 32. Re8+ Qxe8 33. Nxf6+ Kf7
34. Nxe8 Kxe8 35. Qxc7 a5 1-0

[Event "36. Copenhagen Open (Politiken Cup)"]
[Site "Elsinore"]
[Date "2014.07.25"]
[Round "6"]
[White "Thybo, Thomas Sondergaard"]
[Black "Preuss, Flemming"]
[Result "1-0"]
[WhiteElo "1525"]
[BlackElo "2015"]
[PlyCount "113"]
[EventDate "2014.07.21"]
[EventType "swiss"]
[EventRounds "10"]
[EventCountry "DEN"]
[Source "ChessBase"]
[SourceDate "2014.08.29"]

1. Nf3 f5 2. e4 fxe4 3. Ng5 d5 4. d3 Qd6 5. Nc3 Nf6 6. dxe4 h6 7. Nb5 Qd8 8.
Nf3 dxe4 9. Qxd8+ Kxd8 10. Ne5 Be6 11. Bf4 Na6 12. O-O-O+ Kc8 13. Nd4 Bg4 14.
Nxg4 e5 15. Ne6 Bd6 16. Nxf6 exf4 17. Nxe4 Kd7 18. Bxa6 bxa6 19. Nxg7 Kc6 20.
Nxd6 cxd6 21. Nf5 Rad8 22. Rd3 Rhg8 23. g3 Rgf8 24. Nxh6 fxg3 25. fxg3 Rf2 26.
Ng4 Rg2 27. Rhd1 Re8 28. Rxd6+ Kc7 29. R6d2 Ree2 30. c3 a5 31. Kc2 a4 32. Kd3
Rxd2+ 33. Rxd2 Rg1 34. a3 a5 35. Kc4 Re1 36. Kb5 Re4 37. Nf2 Re5+ 38. Kxa4 Rh5
39. Nd3 Kb6 40. Nf4 Rh8 41. Rd6+ Kc7 42. Rg6 Rxh2 43. b4 axb4 44. axb4 Kb7 45.
Kb5 Kb8 46. Rg7 Rh8 47. c4 Ka8 48. Kb6 Rh6+ 49. Kc7 Rh8 50. b5 Rc8+ 51. Kb6
Rb8+ 52. Ka6 Rh8 53. b6 Kb8 54. c5 Rc8 55. Nd5 Rh8 56. c6 Rh1 57. Rg8# 1-0

[Event "36. Copenhagen Open (Politiken Cup)"]
[Site "Elsinore"]
[Date "2014.07.25"]
[Round "6"]
[White "Timman, Jan H"]
[Black "Carstensen, Jacob"]
[Result "1/2-1/2"]
[WhiteElo "2610"]
[BlackElo "2375"]
[PlyCount "80"]
[EventDate "2014.07.21"]
[EventType "swiss"]
[EventRounds "10"]
[EventCountry "DEN"]
[Source "ChessBase"]
[SourceDate "2014.08.29"]

1. d4 Nf6 2. c4 e6 3. Nc3 Bb4 4. e3 c5 5. Nge2 d5 6. a3 Bxc3+ 7. Nxc3 cxd4 8.
exd4 dxc4 9. Bxc4 Nc6 10. Be3 O-O 11. O-O b6 12. Qd3 Bb7 13. Rad1 h6 14. Rfe1
Qd7 15. Ba2 Rfd8 16. Bb1 Ne7 17. f3 Ng6 18. Qd2 Nd5 19. Bxg6 fxg6 20. Ne4 Nxe3
21. Qxe3 Rac8 22. Nc3 Bd5 23. h4 Qf7 24. Qe5 Rd7 25. Rd2 Qf6 26. Qg3 Rcd8 27.
Re5 Kh7 28. Kf2 Rf8 29. Qg4 Qf4 30. Qxf4 Rxf4 31. Kg3 Rf8 32. Nxd5 exd5 33. Rc2
Kg8 34. f4 Rdf7 35. Rxd5 Rxf4 36. Rc7 h5 37. Rg5 Rxd4 38. Rxg6 Rd3+ 39. Kh2 Rf7
40. Rxf7 Kxf7 1/2-1/2

[Event "36. Copenhagen Open (Politiken Cup)"]
[Site "Elsinore"]
[Date "2014.07.25"]
[Round "6"]
[White "Tryggestad, Andreas Garberg"]
[Black "Matthiesen, Martin"]
[Result "0-1"]
[WhiteElo "1912"]
[BlackElo "2316"]
[PlyCount "90"]
[EventDate "2014.07.21"]
[EventType "swiss"]
[EventRounds "10"]
[EventCountry "DEN"]
[Source "ChessBase"]
[SourceDate "2014.08.29"]

1. e4 e5 2. Nf3 Nc6 3. Bb5 a6 4. Bxc6 dxc6 5. O-O Qf6 6. d4 exd4 7. Nxd4 Bd7 8.
Be3 O-O-O 9. Qf3 c5 10. Nb3 Qxf3 11. gxf3 b6 12. Nc3 Ne7 13. Bf4 f5 14. Bg3 Ng6
15. Nd5 Bb5 16. Rfd1 Rxd5 17. Rxd5 f4 18. Re1 Bd6 19. Kg2 Re8 20. c3 Re7 21.
Nc1 Bc6 22. Rdd1 fxg3 23. fxg3 Ne5 24. b3 g5 25. h3 h5 26. Nd3 Ng6 27. Re2 h4
28. g4 Nf4+ 29. Nxf4 Bxf4 30. c4 Be5 31. Red2 Bd4 32. Kf1 a5 33. a4 Kd7 34. Kg2
Ke6 35. Re2 Ke5 36. Red2 Bd7 37. Rd3 Be6 38. R3d2 c6 39. Rd3 Rb7 40. R3d2 b5
41. axb5 cxb5 42. Ra2 bxc4 43. bxc4 Bxc4 44. Rxa5 Rb2+ 45. Kh1 Kf4 0-1

[Event "36. Copenhagen Open (Politiken Cup)"]
[Site "Elsinore"]
[Date "2014.07.25"]
[Round "6"]
[White "Yilmaz, Kazim"]
[Black "Larsen, Preben R"]
[Result "1-0"]
[WhiteElo "1637"]
[BlackElo "1833"]
[PlyCount "66"]
[EventDate "2014.07.21"]
[EventType "swiss"]
[EventRounds "10"]
[EventCountry "DEN"]
[Source "ChessBase"]
[SourceDate "2014.08.29"]

1. Nf3 c5 2. Nc3 Nc6 3. e4 d6 4. Bc4 e6 5. O-O a6 6. a4 Be7 7. d3 Bf6 8. Bf4
Nge7 9. Re1 Ng6 10. Bg3 Bd7 11. Bxd6 b6 12. e5 Be7 13. Bxe7 Qxe7 14. h3 O-O 15.
Qd2 Na5 16. Rad1 Bc6 17. Qe3 Qb7 18. Ba2 Rfd8 19. Rd2 Rd7 20. Red1 Rad8 21. Ne1
Rd4 22. b3 Qc7 23. Ne2 Rh4 24. f4 Ne7 25. Qf2 Nd5 26. Qxh4 Ne3 27. Rb1 c4 28.
Qf2 cxb3 29. Bxb3 Nxb3 30. Rxb3 Nd5 31. Nc3 Qd7 32. Nxd5 Qxd5 33. c4 Rd7 1-0

[Event "36. Copenhagen Open (Politiken Cup)"]
[Site "Elsinore"]
[Date "2014.07.25"]
[Round "6"]
[White "Zude, Erik"]
[Black "Negi, Parimarjan"]
[Result "0-1"]
[WhiteElo "2381"]
[BlackElo "2645"]
[PlyCount "60"]
[EventDate "2014.07.21"]
[EventType "swiss"]
[EventRounds "10"]
[EventCountry "DEN"]
[Source "ChessBase"]
[SourceDate "2014.08.29"]

1. d4 d5 2. c4 e6 3. Nc3 c6 4. e3 Nf6 5. Nf3 Nbd7 6. Bd3 dxc4 7. Bxc4 b5 8. Bd3
Bd6 9. O-O O-O 10. Bd2 Bb7 11. Rc1 a5 12. Qe2 Re8 13. Rfd1 e5 14. Ne4 Nxe4 15.
Bxe4 exd4 16. Qd3 Qf6 17. exd4 h6 18. Re1 b4 19. g3 Rac8 20. Nh4 Bf8 21. Be3
Nb6 22. Nf3 Rcd8 23. Ne5 Nd5 24. Qc2 c5 25. Qb3 Ba8 26. Bb1 Nxe3 27. fxe3 cxd4
28. exd4 Rxd4 29. Nxf7 Bd5 30. Qc2 Be4 0-1

[Event "36. Copenhagen Open (Politiken Cup)"]
[Site "Elsinore"]
[Date "2014.07.26"]
[Round "7"]
[White "Akkanen, Timo"]
[Black "Suntharalingam, Jarani"]
[Result "1-0"]
[WhiteElo "1771"]
[BlackElo "1646"]
[PlyCount "73"]
[EventDate "2014.07.21"]
[EventType "swiss"]
[EventRounds "10"]
[EventCountry "DEN"]
[Source "ChessBase"]
[SourceDate "2014.08.29"]

1. Nf3 Nf6 2. b3 e6 3. Bb2 b6 4. c4 Bb7 5. d4 d5 6. Nbd2 Be7 7. e3 O-O 8. Bd3
Nbd7 9. O-O Rc8 10. cxd5 Nxd5 11. Rc1 c5 12. Qe2 Nb4 13. Bc4 Nxa2 14. Ra1 Nb4
15. Rxa7 Rc7 16. Rfa1 Qb8 17. R7a4 Nf6 18. dxc5 bxc5 19. Be5 Bd8 20. Nf1 Nd7
21. Bd6 Re8 22. Ne5 Nb6 23. Ra5 Qc8 24. Bb5 Rc6 25. Bxc6 Nxc6 26. Rxc5 Be7 27.
Bxe7 Rxe7 28. Rcc1 Rc7 29. Qb5 Nd7 30. Rxc6 Bxc6 31. Nxc6 Kf8 32. Qb4+ Nc5 33.
Qxc5+ Ke8 34. b4 f6 35. b5 Rb7 36. Rd1 Kf7 37. Rd8 1-0

[Event "36. Copenhagen Open (Politiken Cup)"]
[Site "Elsinore"]
[Date "2014.07.26"]
[Round "7"]
[White "Alle, Ambjorn"]
[Black "Koetz, Andreas"]
[Result "1-0"]
[WhiteElo "2196"]
[BlackElo "2031"]
[PlyCount "67"]
[EventDate "2014.07.21"]
[EventType "swiss"]
[EventRounds "10"]
[EventCountry "DEN"]
[Source "ChessBase"]
[SourceDate "2014.08.29"]

1. d4 Nf6 2. c4 g6 3. g3 Bg7 4. Bg2 d6 5. Nf3 O-O 6. Nc3 Nc6 7. O-O Bf5 8. Nh4
Bd7 9. d5 Na5 10. Qd3 c5 11. Bd2 a6 12. Rab1 b5 13. b3 Rb8 14. h3 Qc7 15. Ne4
Nb7 16. Rbd1 bxc4 17. bxc4 e6 18. dxe6 Bxe6 19. Ng5 Rfd8 20. Nxe6 fxe6 21. Qa3
Rd7 22. Rb1 Nd8 23. Qxa6 Nf7 24. Rb5 d5 25. Ba5 Qc8 26. Qxe6 Rxb5 27. cxb5 Qb7
28. Qc6 c4 29. Rc1 Nd6 30. a4 Bf8 31. Nf3 Qa7 32. Ne5 Nde4 33. Bxe4 Nxe4 34.
Bb6 1-0

[Event "36. Copenhagen Open (Politiken Cup)"]
[Site "Elsinore"]
[Date "2014.07.26"]
[Round "7"]
[White "Andersen, Claus"]
[Black "Sorensen, Bernhard W"]
[Result "0-1"]
[WhiteElo "1774"]
[BlackElo "1628"]
[PlyCount "90"]
[EventDate "2014.07.21"]
[EventType "swiss"]
[EventRounds "10"]
[EventCountry "DEN"]
[Source "ChessBase"]
[SourceDate "2014.08.29"]

1. g3 d5 2. Bg2 e6 3. Nf3 Bd6 4. O-O f5 5. c4 c6 6. b3 Nf6 7. Bb2 O-O 8. d3 f4
9. Nbd2 Nbd7 10. d4 Qe8 11. Ne5 fxg3 12. hxg3 Qh5 13. e3 Qf5 14. Ndf3 Qh5 15.
Nh2 Qxd1 16. Raxd1 Bc7 17. Nhf3 Nxe5 18. Nxe5 Nd7 19. f4 Nxe5 20. fxe5 Bd7 21.
Ba3 Rxf1+ 22. Rxf1 Re8 23. Kf2 Bd8 24. Ke2 Be7 25. Bxe7 Rxe7 26. Kd3 Rf7 27.
Rxf7 Kxf7 28. e4 dxc4+ 29. Kxc4 Ke7 30. b4 h6 31. d5 exd5+ 32. exd5 cxd5+ 33.
Bxd5 Be6 34. a4 Bxd5+ 35. Kxd5 h5 36. Ke4 g5 37. Kf5 h4 38. gxh4 gxh4 39. Kg4
Ke6 40. Kxh4 Kxe5 41. Kg4 Kd4 42. b5 Kc5 43. Kf5 Kb4 44. b6 axb6 45. Ke4 Kxa4
0-1

[Event "36. Copenhagen Open (Politiken Cup)"]
[Site "Elsinore"]
[Date "2014.07.26"]
[Round "7"]
[White "Andersen, Dag"]
[Black "Beckett, Christopher J"]
[Result "0-1"]
[WhiteElo "1862"]
[BlackElo "2132"]
[PlyCount "192"]
[EventDate "2014.07.21"]
[EventType "swiss"]
[EventRounds "10"]
[EventCountry "DEN"]
[Source "ChessBase"]
[SourceDate "2014.08.29"]

1. d4 d6 2. e4 Nf6 3. Nc3 e5 4. Nf3 Nbd7 5. Bc4 Be7 6. dxe5 dxe5 7. O-O c6 8.
a3 b5 9. Ba2 O-O 10. Qe2 a5 11. Rd1 Qc7 12. Bg5 Nc5 13. Nd2 Be6 14. Bxe6 Nxe6
15. Be3 Rfd8 16. Rac1 Nc5 17. f3 Ne6 18. Qf2 Nd4 19. Nb3 c5 20. Bxd4 cxd4 21.
Nxb5 Qc4 22. Qf1 Qxf1+ 23. Kxf1 a4 24. Nd2 Rab8 25. c4 dxc3 26. Nxc3 Rxb2 27.
Nc4 Rxd1+ 28. Rxd1 Rc2 29. Rd3 Nh5 30. Ne3 Rc1+ 31. Ncd1 g6 32. Nd5 Bxa3 33.
Rxa3 Rxd1+ 34. Ke2 Rd4 35. g3 f5 36. Nc3 Rb4 37. exf5 Rb2+ 38. Kd3 gxf5 39. Ne2
Rb3+ 40. Rxb3 axb3 41. Kc3 b2 42. Kxb2 Kf7 43. Kc3 Ke6 44. Kd3 Nf6 45. Nc3 h5
46. h3 Nh7 47. h4 Nf6 48. Ne2 Kd5 49. Nc3+ Kc5 50. Ne2 Kd5 51. Nc3+ Ke6 52. Ne2
Nd5 53. Ng1 Kf6 54. Nh3 Nb4+ 55. Kc3 Nc6 56. Kd3 Ne7 57. Ke3 Ng6 58. Ng5 Ke7
59. Ke2 Kd6 60. Nf7+ Kd5 61. Ng5 Ne7 62. Nh7 Ke6 63. Ng5+ Kf6 64. Nh7+ Kg6 65.
Ng5 Nc8 66. Ke3 Nd6 67. Nh3 Nf7 68. Ke2 Kf6 69. Ke3 Nh8 70. Ng5 Ng6 71. Ke2 f4
72. Ne4+ Kf5 73. Kf2 Ne7 74. Nd6+ Ke6 75. Ne8 Nf5 76. gxf4 exf4 77. Nc7+ Kd6
78. Nb5+ Ke5 79. Nc3 Nxh4 80. Ne2 Nf5 81. Ng1 Ng3 82. Nh3 Kf5 83. Kg2 Ne2 84.
Kf2 Nd4 85. Kg2 Ne6 86. Kf2 Ke5 87. Ke2 Kd4 88. Kd2 Kc4 89. Ke2 Kc3 90. Kf2 Kd2
91. Kg2 Ke2 92. Ng1+ Ke3 93. Nh3 Nd4 94. Ng5 h4 95. Ne4 Nxf3 96. Nf2 Ng5 0-1

[Event "36. Copenhagen Open (Politiken Cup)"]
[Site "Elsinore"]
[Date "2014.07.26"]
[Round "7"]
[White "Andersen, Daniel"]
[Black "Leite, Steinar"]
[Result "1-0"]
[WhiteElo "1967"]
[BlackElo "1760"]
[PlyCount "111"]
[EventDate "2014.07.21"]
[EventType "swiss"]
[EventRounds "10"]
[EventCountry "DEN"]
[Source "ChessBase"]
[SourceDate "2014.08.29"]

1. c4 f5 2. Nf3 e6 3. g3 Nf6 4. Bg2 Be7 5. O-O d6 6. d4 O-O 7. Nc3 Qe8 8. Qd3
Nbd7 9. e4 fxe4 10. Nxe4 e5 11. dxe5 Nxe5 12. Nxe5 dxe5 13. Nxf6+ Bxf6 14. Be4
Qh5 15. Be3 c6 16. Rad1 Bh3 17. Bg2 Rad8 18. Qb3 Bxg2 19. Kxg2 e4 20. Bxa7 Qf3+
21. Kg1 Qxb3 22. axb3 Bxb2 23. Bb6 Rde8 24. Rd7 Rf7 25. Rfd1 Bf6 26. Kf1 Bg5
27. Rxf7 Kxf7 28. h4 Bh6 29. Ke2 Ra8 30. Rd7+ Ke6 31. Rxb7 Ra2+ 32. Kd1 Rd2+
33. Ke1 Rd3 34. Bc5 Kf5 35. b4 Rc3 36. Rf7+ Kg6 37. Rc7 Rc1+ 38. Ke2 Rc2+ 39.
Kf1 Rc1+ 40. Kg2 Rxc4 41. Rxc6+ Kf5 42. b5 Rc2 43. Be3 Rb2 44. Bxh6 gxh6 45.
Rxh6 e3 46. Rxh7 Rxf2+ 47. Kg1 Rb2 48. Re7 Rb3 49. Kg2 Kg4 50. Re4+ Kf5 51.
Rf4+ Kg6 52. Kf3 Kh5 53. Rf5+ Kg6 54. Re5 e2+ 55. Kxe2 Rxg3 56. Rg5+ 1-0

[Event "36. Copenhagen Open (Politiken Cup)"]
[Site "Elsinore"]
[Date "2014.07.26"]
[Round "7"]
[White "Andersen, Guttorm"]
[Black "Hansen, Max"]
[Result "0-1"]
[WhiteElo "1845"]
[BlackElo "2009"]
[PlyCount "78"]
[EventDate "2014.07.21"]
[EventType "swiss"]
[EventRounds "10"]
[EventCountry "DEN"]
[Source "ChessBase"]
[SourceDate "2014.08.29"]

1. d4 Nf6 2. c4 c5 3. d5 e5 4. dxe6 fxe6 5. g3 d5 6. Bg2 Be7 7. Nc3 d4 8. Ne4
O-O 9. Qb3 Nc6 10. e3 e5 11. Ne2 Na5 12. Nxf6+ Rxf6 13. Bd5+ Qxd5 14. cxd5 Nxb3
15. axb3 Bg4 16. Ng1 Rb6 17. f3 Bd7 18. e4 Rxb3 19. f4 Bd6 20. Ne2 Bh3 21. Kf2
a6 22. Ra2 Re8 23. Re1 Bg4 24. Ng1 c4 25. h3 Bd7 26. f5 Rc8 27. Ne2 Bb4 28. Rd1
h6 29. Bd2 Bc5 30. Kg2 Bd6 31. Be1 Re3 32. Kf2 Rxe4 33. g4 Re3 34. Ng3 e4 35.
Kg2 Bxg3 36. Bxg3 Re2+ 37. Kf1 d3 38. Bf4 c3 39. Be5 c2 0-1

[Event "36. Copenhagen Open (Politiken Cup)"]
[Site "Elsinore"]
[Date "2014.07.26"]
[Round "7"]
[White "Andersen, Morten"]
[Black "Olsen, Michael Richard W"]
[Result "0-1"]
[WhiteElo "2143"]
[BlackElo "1990"]
[PlyCount "82"]
[EventDate "2014.07.21"]
[EventType "swiss"]
[EventRounds "10"]
[EventCountry "DEN"]
[Source "ChessBase"]
[SourceDate "2014.08.29"]

1. d4 d5 2. c4 e6 3. g3 Nf6 4. Bg2 Be7 5. Nf3 O-O 6. O-O a5 7. Qc2 b6 8. cxd5
exd5 9. Bf4 Bd6 10. Ne5 h6 11. Nc3 Bb7 12. Nb5 Ne8 13. Rac1 c6 14. Nc3 Nd7 15.
e4 Bxe5 16. dxe5 d4 17. Na4 g5 18. Bd2 c5 19. f4 Rc8 20. Bh3 Rc6 21. Qb3 Ng7
22. Bxd7 Qxd7 23. Nxb6 Rxb6 24. Qxb6 Bxe4 25. Rxc5 Qh3 26. Rf2 Ne6 27. fxg5
hxg5 28. Rc1 Kg7 29. Bxg5 Qg4 30. Bf6+ Kh7 31. Qxa5 Rg8 32. Qe1 Bd5 33. Qe2 Qh3
34. Qd3+ Kh6 35. Qd2+ Kh7 36. Qd3+ Kh6 37. Rcc2 Bxa2 38. Qd2+ Kh7 39. Qd3+ Kh6
40. Rce2 Bd5 41. Qf5 Rxg3+ 0-1

[Event "36. Copenhagen Open (Politiken Cup)"]
[Site "Elsinore"]
[Date "2014.07.26"]
[Round "7"]
[White "Andersen, Rune Egede"]
[Black "Jensen, Soren Holm"]
[Result "1/2-1/2"]
[WhiteElo "2132"]
[BlackElo "1975"]
[PlyCount "120"]
[EventDate "2014.07.21"]
[EventType "swiss"]
[EventRounds "10"]
[EventCountry "DEN"]
[Source "ChessBase"]
[SourceDate "2014.08.29"]

1. c4 Nf6 2. Nc3 e5 3. Nf3 Nc6 4. g3 Bb4 5. Nd5 Bc5 6. d3 h6 7. Bg2 O-O 8. O-O
d6 9. a3 a5 10. Bd2 Re8 11. e3 e4 12. Nxf6+ Qxf6 13. Bc3 Qg6 14. Nh4 Qg4 15.
Qxg4 Bxg4 16. Bxe4 Rxe4 17. dxe4 Be2 18. Rfe1 Bxc4 19. Nf5 f6 20. Rac1 Re8 21.
f3 a4 22. Kf2 Bb3 23. Re2 Ne5 24. Bxe5 fxe5 25. g4 Kh7 26. g5 hxg5 27. Ng3 Rf8
28. Kg2 g6 29. Nh1 Kg7 30. Nf2 Be6 31. Kg3 Rh8 32. Ng4 Bb6 33. Rd2 Ba5 34. Rg2
Bb6 35. Kf2 Rh3 36. Rh1 Bc5 37. Rg3 Rh4 38. Ke2 Bc4+ 39. Ke1 Be6 40. Kd2 Bb6
41. Nf2 Ba5+ 42. Kd3 Kf6 43. Rg2 b5 44. Rhg1 Bc4+ 45. Kc2 Bb3+ 46. Kc1 Bb6 47.
Ng4+ Kf7 48. Kd2 Ba5+ 49. Ke2 Bc4+ 50. Kf2 Bb6 51. Rg3 Be6 52. Kg2 Bc5 53. Rc1
Bb6 54. Rh3 Rh5 55. Kg3 Ke7 56. Rc2 Bb3 57. Rc3 Ba5 58. Rc1 Bc4 59. Nf2 Bd2 60.
Rc2 Bxe3 1/2-1/2

[Event "36. Copenhagen Open (Politiken Cup)"]
[Site "Elsinore"]
[Date "2014.07.26"]
[Round "7"]
[White "Astrom, Lars"]
[Black "Yilmaz, Kazim"]
[Result "1-0"]
[WhiteElo "1939"]
[BlackElo "1637"]
[PlyCount "43"]
[EventDate "2014.07.21"]
[EventType "swiss"]
[EventRounds "10"]
[EventCountry "DEN"]
[Source "ChessBase"]
[SourceDate "2014.08.29"]

1. e4 e5 2. Nf3 Nc6 3. Bc4 Bc5 4. c3 Nf6 5. d3 O-O 6. O-O d6 7. Nbd2 Bg4 8. h3
Bh5 9. Re1 Re8 10. Nf1 Qe7 11. Ng3 Bg6 12. Nh4 Rad8 13. b4 Bb6 14. Bg5 Rd7 15.
Qf3 Qd8 16. Nhf5 Nb8 17. Nh6+ Kf8 18. Ng4 d5 19. Nxf6 gxf6 20. Bxf6 dxe4 21.
dxe4 Qc8 22. h4 1-0

[Event "36. Copenhagen Open (Politiken Cup)"]
[Site "Elsinore"]
[Date "2014.07.26"]
[Round "7"]
[White "Bach, Matthias"]
[Black "Djurhuus, Eivind X"]
[Result "1-0"]
[WhiteElo "2224"]
[BlackElo "2079"]
[PlyCount "59"]
[EventDate "2014.07.21"]
[EventType "swiss"]
[EventRounds "10"]
[EventCountry "DEN"]
[Source "ChessBase"]
[SourceDate "2014.08.29"]

1. e4 c5 2. a3 g6 3. b4 Bg7 4. Nc3 d6 5. Bb2 Nc6 6. Bb5 Bd7 7. bxc5 dxc5 8.
Nge2 a6 9. Bc4 b5 10. Ba2 e5 11. Nd5 Nge7 12. O-O Nd4 13. f4 Bg4 14. Bxd4 exd4
15. d3 Rc8 16. h3 Bd7 17. f5 Nxd5 18. Bxd5 O-O 19. fxg6 hxg6 20. Nf4 Qg5 21. h4
Qg3 22. Rf3 Qg4 23. Qe1 Bc6 24. Qf2 Bxd5 25. Nxd5 Qe6 26. h5 c4 27. Qh4 Rce8
28. Raf1 Qe5 29. hxg6 fxg6 30. Rxf8+ 1-0

[Event "36. Copenhagen Open (Politiken Cup)"]
[Site "Elsinore"]
[Date "2014.07.26"]
[Round "7"]
[White "Beshukov, Sergei"]
[Black "Fossan, Petter"]
[Result "0-1"]
[WhiteElo "2423"]
[BlackElo "2257"]
[PlyCount "70"]
[EventDate "2014.07.21"]
[EventType "swiss"]
[EventRounds "10"]
[EventCountry "DEN"]
[Source "ChessBase"]
[SourceDate "2014.08.29"]

1. Nf3 g6 2. g3 Bg7 3. Bg2 c5 4. d4 cxd4 5. Nxd4 Nc6 6. Nb3 Nf6 7. O-O O-O 8.
Nc3 d6 9. h3 Be6 10. e4 Rc8 11. Nd5 Re8 12. c3 Na5 13. Nd4 Bd7 14. Re1 Nxd5 15.
exd5 Qb6 16. Re4 e5 17. dxe6 fxe6 18. Nb3 Nc4 19. Re2 Bc6 20. Be3 Nxe3 21. Rxe3
Ba4 22. Qe1 d5 23. Kh2 Kh8 24. h4 Rcd8 25. f4 Bxb3 26. axb3 d4 27. cxd4 Bxd4
28. Re2 Qxb3 29. Bh3 e5 30. fxe5 Bxe5 31. Bf1 Rd5 32. Rxa7 Rd1 33. Qf2 Bxg3+
34. Qxg3 Rxe2+ 35. Bxe2 Rh1+ 0-1

[Event "36. Copenhagen Open (Politiken Cup)"]
[Site "Elsinore"]
[Date "2014.07.26"]
[Round "7"]
[White "Bohman, Leif"]
[Black "Huse, Sigurd Kjelsbol"]
[Result "0-1"]
[WhiteElo "1866"]
[BlackElo "1675"]
[PlyCount "154"]
[EventDate "2014.07.21"]
[EventType "swiss"]
[EventRounds "10"]
[EventCountry "DEN"]
[Source "ChessBase"]
[SourceDate "2014.08.29"]

1. d4 d5 2. Bf4 Nf6 3. e3 Bf5 4. Nd2 e6 5. Ngf3 Bd6 6. Ne5 O-O 7. Be2 Nbd7 8.
c3 c6 9. Nxf7 Rxf7 10. Bxd6 Ne4 11. Nxe4 Bxe4 12. f3 Bf5 13. Bg3 Qg5 14. f4 Qf6
15. Bf3 c5 16. O-O Rc8 17. Re1 Nb6 18. Rc1 Nc4 19. Qe2 Nd6 20. Bf2 c4 21. a4 a5
22. Qd1 Be4 23. Kh1 Rcc7 24. Rg1 Kh8 25. Qe1 g6 26. Bh4 Qg7 27. Bd8 Rcd7 28.
Bxa5 g5 29. Qg3 gxf4 30. exf4 Qh6 31. Qg5 Qxg5 32. fxg5 Rxf3 33. gxf3 Bxf3+ 34.
Rg2 Nf5 35. Kg1 Bxg2 36. Kxg2 Kg8 37. Re1 Kf7 38. Kh3 Re7 39. Bd8 Re8 40. Bf6
Ra8 41. Ra1 Kg6 42. Kg4 Ne3+ 43. Kf4 Nf5 44. Ke5 Ra6 45. a5 Ne3 46. h3 Kf7 47.
Bd8 Ra8 48. Bb6 Nf5 49. Rf1 Rg8 50. h4 Ke7 51. Bc5+ Kf7 52. Rf4 Rg6 53. Bb6 Ke7
54. Bc7 Kd7 55. Bb6 Ke7 56. Bc5+ Kd7 57. Rxf5 exf5 58. Kxf5 Re6 59. h5 Re2 60.
Ba3 Rf2+ 61. Ke5 Kc6 62. g6 hxg6 63. hxg6 Rg2 64. Kf6 Rf2+ 65. Kg7 Kd7 66. Kg8
Ke8 67. Kg7 Rf3 68. Kh7 Rg3 69. Kg7 Rf3 70. Kh6 Rg3 71. Bd6 Rg1 72. Kg7 Kd7 73.
Ba3 Ke6 74. Bf8 Rg2 75. Kh7 Kf6 76. g7 Kf7 77. Ba3 Rh2# 0-1

[Event "36. Copenhagen Open (Politiken Cup)"]
[Site "Elsinore"]
[Date "2014.07.26"]
[Round "7"]
[White "Boukhris, Yacine"]
[Black "Rewitz, Poul"]
[Result "0-1"]
[WhiteElo "2073"]
[BlackElo "2218"]
[PlyCount "50"]
[EventDate "2014.07.21"]
[EventType "swiss"]
[EventRounds "10"]
[EventCountry "DEN"]
[Source "ChessBase"]
[SourceDate "2014.08.29"]

1. e4 c6 2. d4 d5 3. Nd2 g6 4. h3 Bg7 5. Ngf3 Nh6 6. Bd3 O-O 7. O-O Na6 8. c3
Nc7 9. Re1 f6 10. exd5 cxd5 11. Qb3 Nf7 12. c4 e6 13. Nf1 Qd6 14. Bd2 a5 15. c5
Qc6 16. Qb6 e5 17. dxe5 fxe5 18. Bxa5 Rxa5 19. Qxa5 e4 20. Bc2 exf3 21. Ba4 Qf6
22. Ne3 fxg2 23. Qxc7 Ne5 24. Re2 Bxh3 25. Nxg2 Qf3 0-1

[Event "36. Copenhagen Open (Politiken Cup)"]
[Site "Elsinore"]
[Date "2014.07.26"]
[Round "7"]
[White "Bratveit, Kristoffer"]
[Black "Strachan, Christian C"]
[Result "0-1"]
[WhiteElo "1724"]
[BlackElo "1918"]
[PlyCount "162"]
[EventDate "2014.07.21"]
[EventType "swiss"]
[EventRounds "10"]
[EventCountry "DEN"]
[Source "ChessBase"]
[SourceDate "2014.08.29"]

1. e4 e6 2. d4 d5 3. Nd2 Nf6 4. e5 Nfd7 5. Bd3 c5 6. c3 Nc6 7. Ne2 cxd4 8. cxd4
f6 9. exf6 Nxf6 10. Nf3 Bd6 11. O-O Qc7 12. Re1 O-O 13. Ng3 Bd7 14. Be3 Rae8
15. Rc1 Qb8 16. Ng5 h6 17. Nh5 hxg5 18. Bxg5 Ne4 19. Bxe4 dxe4 20. Rxe4 Be7 21.
Bxe7 Rxe7 22. d5 Nd8 23. Rc3 Qd6 24. Rg3 e5 25. Qd2 Rff7 26. h3 Bf5 27. Rh4 Nc6
28. Qg5 Nd4 29. Re3 Qg6 30. Qxg6 Bxg6 31. Ng3 Nf5 32. Nxf5 Rxf5 33. Rb4 Rd7 34.
Rc3 Rf4 35. Rxf4 exf4 36. Rc8+ Kh7 37. Rf8 Rf7 38. Rxf7 Bxf7 39. d6 Be6 40. Kf1
Kg8 41. Ke1 Kf7 42. a3 Bd5 43. g3 fxg3 44. fxg3 Ke6 45. Kd2 Kxd6 46. Kd3 Bg2
47. h4 Kd5 48. g4 Ke5 49. Ke3 Bd5 50. h5 Bf7 51. Kf3 a5 52. b4 a4 53. Ke3 b5
54. Kf3 Be6 55. g5 Kf5 56. h6 gxh6 57. gxh6 Kg6 58. Ke4 Kxh6 59. Ke5 Bc4 60.
Kf6 Bd3 61. Ke6 Kg5 62. Ke5 Be2 63. Kd5 Kf4 64. Kd4 Bf1 65. Kc3 Ke5 66. Kc2 Kd4
67. Kb2 Kc4 68. Kc2 Bd3+ 69. Kb2 Kd4 70. Ka2 Bc4+ 71. Kb2 Kd3 72. Kb1 Kc3 73.
Ka1 Kb3 74. Kb1 Kxa3 75. Ka1 Kxb4 76. Kb2 a3+ 77. Kb1 Kc3 78. Ka1 b4 79. Kb1 b3
80. Ka1 b2+ 81. Kb1 a2# 0-1

[Event "36. Copenhagen Open (Politiken Cup)"]
[Site "Elsinore"]
[Date "2014.07.26"]
[Round "7"]
[White "Bremer, Erik"]
[Black "Schmidt, Horst Hubert"]
[Result "1-0"]
[WhiteElo "1498"]
[BlackElo "1767"]
[PlyCount "67"]
[EventDate "2014.07.21"]
[EventType "swiss"]
[EventRounds "10"]
[EventCountry "DEN"]
[Source "ChessBase"]
[SourceDate "2014.08.29"]

1. e4 e6 2. d4 d5 3. Nd2 Nf6 4. exd5 exd5 5. c3 Be7 6. Bd3 Nbd7 7. Ngf3 Nf8 8.
Qc2 Ne6 9. Ne5 Nf4 10. Bf1 O-O 11. Ndf3 Ng6 12. Bd3 Ng4 13. O-O c5 14. b3 Qb6
15. h3 N4xe5 16. dxe5 Bd7 17. a4 Rac8 18. a5 Qc7 19. Re1 Rfe8 20. Bxg6 hxg6 21.
Bf4 Be6 22. Rec1 Qd8 23. Qd2 Qd7 24. Bg5 f6 25. exf6 gxf6 26. Bf4 Kf7 27. b4
Rh8 28. Bh2 b6 29. Qf4 Kg7 30. Re1 Bf7 31. axb6 axb6 32. Ra4 cxb4 33. cxb4 Rc4
34. Qe3 1-0

[Event "36. Copenhagen Open (Politiken Cup)"]
[Site "Elsinore"]
[Date "2014.07.26"]
[Round "7"]
[White "Brorsen, Jacob Abildlund"]
[Black "Molin, Claus"]
[Result "1-0"]
[WhiteElo "2179"]
[BlackElo "2002"]
[PlyCount "53"]
[EventDate "2014.07.21"]
[EventType "swiss"]
[EventRounds "10"]
[EventCountry "DEN"]
[Source "ChessBase"]
[SourceDate "2014.08.29"]

1. c4 c5 2. Nc3 Nc6 3. g3 g6 4. Bg2 Bg7 5. Nf3 e5 6. O-O Nge7 7. d3 d6 8. Bd2
O-O 9. Rb1 Rb8 10. a3 a5 11. Ne1 f5 12. Nc2 Nd4 13. b4 f4 14. Nxd4 exd4 15. Ne4
fxg3 16. hxg3 cxb4 17. axb4 d5 18. cxd5 Nxd5 19. bxa5 Kh8 20. Qb3 Be6 21. Qa3
Rf5 22. Rfc1 Be5 23. Rb5 Nc7 24. Rxe5 Rxe5 25. Bf4 Nb5 26. Bxe5+ Kg8 27. Qb2
1-0